Pojištění veltrhů a výstav

Poistenie veľtrhov a výstav je určené pre podniky, ktoré hľadajú nové trhy v zahraničí. Účasť na veľtroch a výstavách im umožňuje dostať sa do povedomia svetovej verejnosti. Uzatvorenie poistnej zmluvy a jej formy. Predbežná a definitívna likvidácia poistnej zmluvy.

Na minha lista:
Detalhes bibliográficos
Autor principal: Škorpil, M.
Formato: Capítulo de Livro
Idioma:tcheco
Assuntos:
Tags: Adicionar Tag
Sem tags, seja o primeiro a adicionar uma tag!

MARC

LEADER 00000naa a2200000 4500
001 r021245
005 20230522112247.8
041 0 |a cze 
044 |a CZ 
245 1 0 |a Pojištění veltrhů a výstav  |c M. Škorpil 
520 |a Poistenie veľtrhov a výstav je určené pre podniky, ktoré hľadajú nové trhy v zahraničí. Účasť na veľtroch a výstavách im umožňuje dostať sa do povedomia svetovej verejnosti. Uzatvorenie poistnej zmluvy a jej formy. Predbežná a definitívna likvidácia poistnej zmluvy. 
610 2 0 |a poistenie 
610 2 0 |a veľtrhy 
610 2 0 |a výstavy 
610 2 0 |a poistenie záujmov zahraničných 
610 2 0 |a poisťovatelia 
610 2 0 |a zmluvy poistné 
610 2 0 |a sadzby odpisové 
610 2 0 |a amortizácia 
610 2 0 |a Česko 
100 1 |a Škorpil, M.